000 00553nam a2200181Ia 4500
003 GCL
008 140319s9999 xx 000 0 aRus d
040 _aGCL /
_cGCL
082 0 4 _a665.503
_bM D
100 1 _aMOUREAU, MAGDELEINE
245 1 0 _aDICTIONNAIRE DES SCIENCESET TECHNIQUES DE PETROLE: ANGLAIS - FRANCAIS, FRANCAIS - ANGLAIS /
_cMOUREAU, MAGDELEINE
700 1 _aBRACE, GERALD
260 _a[S.N] :
_bEDITIONS TECHNIP ،
_c1993
300 _a990 P
650 0 4 _aPETROLEUM - DICTIONARY
650 0 4 _aSCIENCE - TECHNOLOGY
942 _2ddc
_cBK
999 _c15931
_d15931